LEADER 00959nam--2200325---450- 001 990003237970203316 005 20090507121608.0 010 $a88-217-7030-3 035 $a000323797 035 $aUSA01000323797 035 $a(ALEPH)000323797USA01 035 $a000323797 100 $a20090507d1984----km-y0itay50------ba 101 $aita 102 $aIT 105 $a||||||||001yy 200 1 $aAccantonamenti a fondi e riserve$edisciplina tributaria$fFrancesco Napolitano 210 $a[Milano]$cIPSOA informatica$dcopyr. 1984 215 $a207 p.$d24 cm 606 0 $aBilancio$xRiserve$xDiritto tributario 676 $a343.4506 700 1$aNAPOLITANO,$bFrancesco$082190 801 0$aIT$bsalbc$gISBD 912 $a990003237970203316 951 $aXXIV.5.C 18$b14901 EC$cXXIV.5.C$d00208121 959 $aBK 969 $aGIU 979 $aRSIAV3$b90$c20090507$lUSA01$h1216 996 $aAccantonamenti a fondi e riserve$91013585 997 $aUNISA LEADER 05030 am 2201057 n 450 001 9910496046503321 005 20210421 010 $a2-36781-400-7 024 7 $a10.4000/books.pulm.12375 035 $a(CKB)4100000011966447 035 $a(FrMaCLE)OB-pulm-12375 035 $a(oapen)https://directory.doabooks.org/handle/20.500.12854/86300 035 $a(PPN)257366520 035 $a(EXLCZ)994100000011966447 100 $a20210702j|||||||| ||| 0 101 0 $aeng 135 $auu||||||m|||| 181 $ctxt$2rdacontent 182 $cc$2rdamedia 183 $acr$2rdacarrier 200 10$aTranslating the Postcolonial in Multilingual Contexts /$fJudith Misrahi-Barak, Srilata Ravi 210 $aMontpellier $cPresses universitaires de la Méditerranée$d2021 215 $a1 online resource (282 p.) 225 1 $aHorizons anglophones 311 $a2-36781-241-1 330 $aThis collection of essays aims to contribute to scholarship already published in Translation Studies and Postcolonial Studies, endeavouring to question the traditional divide between these two academic strands and to bring them closer together in creative ways, across several geographical regions, linguistic contexts and historical circumstances. Moving away from a binary and dichotomous approach, the authors address these questions that link linguistic heterogeneity, postcolonial resistance and border identities. How does translation as a process operate across different linguistic and cultural spaces? How do translated selves negotiate meaning simultaneously across multiple linguistic borders? For the sake of cohesion, the geopolitical zones of translational contact have been limited to two colonial/European languages, namely French and English. The regional languages involved cover postcolonial, cultural spaces where Mauritian, Haitian, Reunionese and Louisianian Creole, Gikuyu, Wolof, Swahili and Arabic are spoken. Enrichir la recherche en études postcoloniales et en traduction est le but de ce volume qui s?efforce de mettre en question la division traditionnelle de ces deux champs disciplinaires et de les rapprocher de façon créatrice, par-delà les situations géographiques, les contextes linguistiques et les circonstances historiques. S?éloignant d?une approche binaire qui ne serait que dichotomique, les auteurs examinent les liens complexes entre hétérogénéité linguistique, résistance postcoloniale et identités aux frontières. De quelle façon la traduction en tant que processus fonctionne-t-elle à travers plusieurs espaces linguistiques et culturels ? Comment le sens est-il négocié à l?intersection de multiples frontières linguistiques ? Pour respecter la cohésion du volume les zones de contact géopolitiques ont été limitées à l?anglais et au français. Les langues régionales telles qu?elles sont analysées ici dans leurs échanges avec ces langues européennes? 606 $aLinguistics 606 $atraduction 606 $aMéditerranée 606 $aAfrique 606 $aAtlantique 606 $aOcéanie 606 $apostcolonial 606 $aocéan indien 606 $amultilingue 606 $atranslation 606 $aMediterranean 606 $aAfrica 606 $aAtlantic 606 $aAtlantic Ocean 606 $aOceania 606 $aIndian Ocean 606 $amultilingual 610 $atranslation 610 $aMediterranean 610 $aAfrica 610 $aAtlantic 610 $aAtlantic Ocean 610 $aOceania 610 $apostcolonial 610 $aIndian Ocean 610 $amultilingual 615 4$aLinguistics 615 4$atraduction 615 4$aMéditerranée 615 4$aAfrique 615 4$aAtlantique 615 4$aOcéanie 615 4$apostcolonial 615 4$aocéan indien 615 4$amultilingue 615 4$atranslation 615 4$aMediterranean 615 4$aAfrica 615 4$aAtlantic 615 4$aAtlantic Ocean 615 4$aOceania 615 4$aIndian Ocean 615 4$amultilingual 700 $aAnderson$b Jean$01306574 701 $aBaker$b Charlotte$01306575 701 $aBlin$b Lynn$01306576 701 $aGilbert$b Catherine$01306577 701 $aHussein$b Mai$01306578 701 $aMacdonald$b Megan C$01306579 701 $aMagdelaine-Andrianjafitrimo$b Valérie$01303154 701 $aMalena$b Anne$01306580 701 $aMisrahi-Barak$b Judith$01291421 701 $aMunos$b Delphine$01186740 701 $aParisot$b Yolaine$01306581 701 $aRavi$b Srilata$01292939 701 $aSteyn$b Jan$01306582 701 $aWarner$b Tobias$01306583 701 $aWaters$b Julia$01208976 701 $aMisrahi-Barak$b Judith$01291421 701 $aRavi$b Srilata$01292939 801 0$bFR-FrMaCLE 906 $aBOOK 912 $a9910496046503321 996 $aTranslating the Postcolonial in Multilingual Contexts$93028511 997 $aUNINA LEADER 01722nam 2200409 a 450 001 9910699068703321 005 20090813121455.0 035 $a(CKB)5470000002399197 035 $a(OCoLC)430343417 035 $a(EXLCZ)995470000002399197 100 $a20090813d2009 ua 0 101 0 $aeng 135 $aurmn||||||||| 181 $ctxt$2rdacontent 182 $cc$2rdamedia 183 $acr$2rdacarrier 200 10$aPrescription drugs$b[electronic resource] $eoverview of approaches to control prescription drug spending in federal programs : testimony before the Subcommittee on Federal Workforce, Postal Service, and the District of Columbia, Committee on Oversight and Government Reform, House of Representatives /$fstatement of John E. Dicken 210 1$a[Washington, D.C.] :$cU.S. Govt. Accountability Office,$d[2009] 215 $a1 online resource (14 pages) 225 1 $aTestimony ;$vGAO-09-819T 300 $aTitle from title screen (GAO, viewed July 22, 2009). 300 $a"For release ... June 24, 2009." 320 $aIncludes bibliographical references. 517 $aPrescription drugs 606 $aDrugs$zUnited States$xCost control 606 $aDrugs$zUnited States$xFinance 615 0$aDrugs$xCost control. 615 0$aDrugs$xFinance. 700 $aDicken$b John E$01382684 712 02$aUnited States.$bCongress.$bHouse.$bCommittee on Oversight and Government Reform.$bSubcommittee on Federal Workforce, Postal Service, and the District of Columbia. 712 02$aUnited States.$bGovernment Accountability Office. 801 0$bGPO 801 1$bGPO 906 $aBOOK 912 $a9910699068703321 996 $aPrescription drugs$93435639 997 $aUNINA